000 00683nam a2200289Ia 4500
005 20260324133920.0
008 008 260324s9999 xx 000 0 eng d
020 _a9780203822845
037 _aEBOOK
040 _aCRL
040 _beng
040 _cCRL
041 _2eng
041 _aeng
084 _qCRL
100 _aSteven Hyman
_91194831
245 0 _aPersonality and Personality Disorders
245 4 _bThe Science of Mental Health
260 _bTaylor and Francis
260 _c2002
365 _a
365 _b290
856 _uhttp://www.taylorfrancis.com/books/9780203822845
942 _cEBOOK
999 _c1794420
_d1794420